00723nam a2200205Ia 4500003000900000008004100009020001800050040001600068080001600084100002500100245012600125260003500251300001500286650004100301650002700342650002800369942000700397999001500404952009800419IN-BaIIA211028s9999 xx 000 0 eng d a0-12-147701-0 cIIA Library a535.32bBUT aButton, K. J.911591 0aInfrared and millimeter wavesbvol.1. sources of radiationcK. J. Button  aNew YorkbAcademic Pressc1979 axiv, 338p. aAstronomy and Astrophysics Thesaurus aInfrared Sources99378 aMillimeter Waves911592 cBK c6765d6765 00104070aBANbBANcGENd1981-06-23l0o535.32/ BUTp7524r2021-11-05w1981-06-23yBKG40.5